Loading...
| Science - Biology | 0 | 7 | 0 | 0 | 70 | 18 | 45.57 | 4 | 7 | 38.22 | 62.38 |
| Science - Other | 0 | 6 | 0 | 0 | 60 | 53 | 77.67 | 1 | 4 | 20.09 | 36.19 |
| Religion | 0 | 5 | 0 | 0 | 50 | 52 | 72.00 | 1 | 5 | 18.29 | 35.95 |
| Science - Physics | 0 | 5 | 1 | 0 | 45 | 31 | 67.60 | 0 | 2 | 18.15 | 29.52 |
| Literature - World | 0 | 4 | 0 | 1 | 40 | 70 | 100.50 | 0 | 3 | 5.75 | 19.52 |
| Science - Chemistry | 0 | 4 | 0 | 2 | 40 | 57 | 85.75 | 0 | 2 | 6.37 | 20.60 |
| Fine Arts - Classical Music | 0 | 4 | 0 | 2 | 40 | 96 | 106.50 | 0 | 1 | 4.23 | 19.29 |
| History - American | 0 | 3 | 0 | 0 | 30 | 47 | 59.67 | 1 | 2 | 15.11 | 20.00 |
| History - European | 0 | 3 | 0 | 0 | 30 | 24 | 53.33 | 0 | 1 | 15.12 | 16.19 |
| Social Science | 0 | 3 | 0 | 1 | 30 | 36 | 70.00 | 0 | 3 | 15.60 | 25.00 |
| History - Other | 0 | 3 | 1 | 1 | 25 | 61 | 72.67 | 0 | 0 | 9.74 | 12.38 |
| Literature - European | 0 | 2 | 0 | 1 | 20 | 112 | 112.00 | 0 | 1 | 0.84 | 8.33 |
| History - World | 0 | 2 | 0 | 0 | 20 | 57 | 62.50 | 1 | 1 | 8.29 | 11.43 |
| Literature - British | 0 | 2 | 0 | 0 | 20 | 53 | 57.00 | 1 | 1 | 10.17 | 15.00 |
| Current Events | 0 | 2 | 0 | 0 | 20 | 58 | 66.00 | 1 | 2 | 15.78 | 33.81 |
| Mythology | 0 | 2 | 0 | 0 | 20 | 76 | 79.00 | 0 | 0 | 4.78 | 8.33 |
| Fine Arts - Painting and Sculpture | 0 | 2 | 1 | 0 | 15 | 80 | 91.50 | 0 | 0 | 4.82 | 5.00 |
| Philosophy | 0 | 1 | 0 | 0 | 10 | 69 | 69.00 | 0 | 1 | 4.51 | 10.71 |
| Literature - American | 0 | 1 | 0 | 0 | 10 | 74 | 74.00 | 0 | 0 | 3.45 | 3.33 |
| Geography | 0 | 1 | 0 | 1 | 10 | 84 | 84.00 | 0 | 1 | 5.13 | 13.33 |